[Event "Karlsruhe Grenke op"]
[Site "Karlsruhe"]
[Date "2024.03.28"]
[Round "1"]
[White "Svane, Frederik"]
[Black "Ellis, Antoine"]
[Result "1-0"]
[WhiteElo "2617"]
[BlackElo "2122"]
[PlyCount "51"]
[EventDate "2024.03.28"]
[EventType "swiss"]
[EventRounds "9"]
[EventCountry "GER"]
[SourceTitle "CB14_2024"]
[SourceDate "2024.04.01"]
[SourceVersion "1"]
[SourceVersionDate "2024.04.01"]
[SourceQuality "1"]

1. e4 e5 2. Nf3 Nc6 3. Bc4 Nf6 4. d3 Bc5 5. c3 0-0 6. 0-0 d5 7. exd5 Nxd5 8. a4 a5 9. Re1 Bg4 10. h3 Bh5 11. Nbd2 Nb6 12. Bb3 Qxd3 13. Nxe5 Qf5 14. Nef3 Rfe8 15. g4 Bxg4 16. hxg4 Qxg4+ 17. Kh1 Ne5 18. Nh2 Qh3 19. Ne4 Rad8 20. Qe2 Nd3 21. Bxf7+ Kh8 22. Bxe8 Nxe1 23. Qxe1 Rxe8 24. Qd1 Qh4 25. Nxc5 Qxf2 26. Nd3 1-0

[Event "Nancy Rapid op 22nd"]
[Site "Meurthe et Moselle"]
[Date "2024.02.18"]
[Round "4"]
[White "Ellis, Antoine"]
[Black "Kocharin, Timur"]
[Result "1-0"]
[WhiteElo "2119"]
[BlackElo "2216"]
[PlyCount "62"]
[EventDate "2024.02.18"]
[EventType "swiss (rapid)"]
[EventRounds "9"]
[EventCountry "FRA"]
[SourceTitle "CB08_2024"]
[SourceDate "2024.02.21"]
[SourceVersion "1"]
[SourceVersionDate "2024.02.21"]
[SourceQuality "1"]

1. d4 Nf6 2. c4 e6 3. Nc3 d5 4. cxd5 exd5 5. Bg5 Bb4 6. e3 h6 7. Bh4 g5 8. Bg3 Ne4 9. Nge2 h5 10. h4 Bg4 11. Qb3 Nc6 12. Bh2 Bxe2 13. Bxe2 gxh4 14. Bf3 f5 15. a3 Bxc3+ 16. bxc3 Na5 17. Qd1 Kd7 18. Bf4 Nc4 19. Qc2 c6 20. a4 a6 21. Ke2 Qe7 22. Rh2 Rh7 23. Rah1 Qa3 24. Rc1 b5 25. Rxh4 bxa4 26. Rxh5 Rxh5 27. Bxh5 Qb3 28. Bg6 Ke6 29. g4 Qxc2+ 30. Rxc2 fxg4 31. Kd3 Nf6 1-0

[Event "Andorra op 39th"]
[Site "Escaldes"]
[Date "2023.07.29"]
[Round "8"]
[White "Defromont, Benjamin"]
[Black "Ellis, Antoine"]
[Result "1-0"]
[WhiteElo "2445"]
[BlackElo "2084"]
[PlyCount "131"]
[EventDate "2023.07.22"]
[EventType "swiss"]
[EventRounds "9"]
[EventCountry "AND"]
[SourceTitle "CBM 215 Extra"]
[Source "ChessBase"]
[SourceDate "2023.09.30"]
[SourceVersion "1"]
[SourceVersionDate "2023.09.30"]
[SourceQuality "1"]

1. e4 e5 2. Nf3 Nc6 3. Bb5 a6 4. Ba4 Nf6 5. 0-0 Be7 6. Re1 b5 7. Bb3 d6 8. c3 0-0 9. h3 Nb8 10. d4 Nbd7 11. c4 c6 12. Nc3 b4 13. Ne2 c5 14. dxe5 Nxe5 15. Ng3 Be6 16. Nxe5 dxe5 17. Qf3 Nd7 18. Be3 Bg5 19. Rad1 Bxe3 20. Rxe3 Qc7 21. Nf5 Nb6 22. Red3 Rad8 23. Nh6+ Kh8 24. Nxf7+ Bxf7 25. Rxd8 Rxd8 26. Rxd8+ Qxd8 27. Qxf7 h6 28. Qe6 Qf6 29. Qe8+ Kh7 30. g3 Qd6 31. Qf7 Nd7 32. Qd5 Qe7 33. Bd1 Nf6 34. Qd3 Qd7 35. Qxd7 Nxd7 36. Bg4 Nf6 37. Be6 Kg6 38. Bd5 Ne8 39. Kf1 Kf6 40. Ke2 Nd6 41. Kd3 a5 42. Ke3 Nc8 43. b3 Nb6 44. Bc6 Nc8 45. Kf3 Nd6 46. Bd5 g6 47. Kg4 Nc8 48. f4 Nb6 49. Bc6 Nc8 50. h4 h5+ 51. Kf3 Ne7 52. Bd5 Nc8 53. g4 Nb6 54. Bc6 Ke6 55. Kg3 Kf6 56. gxh5 gxh5 57. Be8 Nc8 58. Bxh5 Nd6 59. Bf3 a4 60. bxa4 Nxc4 61. Bd1 Nd2 62. Bc2 c4 63. a5 c3 64. a6 Nc4 65. a7 Nb6 66. h5 1-0

[Event "FRA-ch U20"]
[Site "Agen"]
[Date "2023.04.28"]
[Round "7"]
[White "Zachary, Matheo"]
[Black "Ellis, Antoine"]
[Result "1-0"]
[WhiteElo "2343"]
[BlackElo "2066"]
[PlyCount "95"]
[EventDate "2023.04.23"]
[EventType "swiss"]
[EventRounds "9"]
[EventCountry "FRA"]
[SourceTitle "CBM 213 Extra"]
[Source "ChessBase"]
[SourceDate "2023.05.31"]
[SourceVersion "1"]
[SourceVersionDate "2023.05.31"]
[SourceQuality "1"]

1. e4 e5 2. Nf3 Nc6 3. Bb5 a6 4. Ba4 Nf6 5. d4 exd4 6. 0-0 Be7 7. e5 Ne4 8. Nxd4 Nc5 9. Nf5 0-0 10. Qg4 g6 11. Bxc6 dxc6 12. Nxe7+ Qxe7 13. Qg3 Re8 14. Re1 Bf5 15. Nc3 Bxc2 16. Bg5 Qe6 17. Re3 Qc4 18. Rf3 Nd7 19. Re1 Re6 20. Re2 Bf5 21. h3 Kh8 22. Rf4 Qc5 23. Qh4 Kg8 24. Rc4 Qf8 25. Qd4 Ree8 26. Ne4 Bxe4 27. Qxd7 Rad8 28. Bxd8 Rxd8 29. Qxd8 Qxd8 30. Rcxe4 Qd1+ 31. Kh2 Qd5 32. e6 fxe6 33. Rxe6 Qxa2 34. Re8+ Kg7 35. R8e7+ Kf6 36. Rxh7 Qd5 37. g3 c5 38. Rxc7 c4 39. f4 g5 40. fxg5+ Kxg5 41. Rf2 Kg6 42. h4 b5 43. Ra7 Qe6 44. Rd2 b4 45. Rad7 Qe8 46. R7d6+ Kf5 47. Rf2+ Kg4 48. Rd5 1-0

[Event "Sitges op 46th"]
[Site "Sitges"]
[Date "2022.07.30"]
[Round "9"]
[White "Shah, Vishwa Megh"]
[Black "Ellis, Antoine"]
[Result "1-0"]
[WhiteElo "1931"]
[BlackElo "2027"]
[PlyCount "87"]
[EventDate "2022.07.22"]
[EventType "swiss"]
[EventRounds "9"]
[EventCountry "ESP"]
[SourceTitle "CBM 209 Extra"]
[Source "ChessBase"]
[SourceDate "2022.09.30"]
[SourceVersion "1"]
[SourceVersionDate "2022.09.30"]
[SourceQuality "1"]

1. e4 e5 2. Nf3 Nc6 3. Bb5 a6 4. Ba4 Nf6 5. d3 d6 6. c3 g6 7. 0-0 Bg7 8. Re1 Bd7 9. h3 0-0 10. Nbd2 h6 11. Nf1 Nh5 12. d4 Re8 13. Bc2 Kh7 14. Be3 a5 15. Qd2 Qf6 16. dxe5 Nxe5 17. Nxe5 Qxe5 18. f4 Qb5 19. Bd3 Qa4 20. Bf2 Bc6 21. b3 Qa3 22. Ne3 d5 23. exd5 Bd7 24. Nc4 Qf8 25. Ne5 Qd6 26. Nxd7 Qxd7 27. Rad1 Rxe1+ 28. Rxe1 Rd8 29. c4 Bf6 30. g4 Ng7 31. Qxa5 h5 32. Be2 c6 33. Bf3 cxd5 34. Qxd5 Qc7 35. Qxb7 Qxf4 36. Qe4 Qg5 37. Qe3 Qa5 38. Qf4 Bd4 39. Re2 hxg4 40. hxg4 Bxf2+ 41. Rxf2 Qe1+ 42. Kg2 Rd3 43. Qh2+ Nh5 44. gxh5 1-0

[Event "Sitges op 46th"]
[Site "Sitges"]
[Date "2022.07.23"]
[Round "2"]
[White "Quillan, Gary"]
[Black "Ellis, Antoine"]
[Result "1/2-1/2"]
[WhiteElo "2350"]
[BlackElo "2027"]
[PlyCount "100"]
[EventDate "2022.07.22"]
[EventType "swiss"]
[EventRounds "9"]
[EventCountry "ESP"]
[SourceTitle "CBM 209 Extra"]
[Source "ChessBase"]
[SourceDate "2022.09.30"]
[SourceVersion "1"]
[SourceVersionDate "2022.09.30"]
[SourceQuality "1"]

1. e4 e5 2. Nf3 Nc6 3. Bb5 a6 4. Ba4 Nf6 5. 0-0 Be7 6. Re1 b5 7. Bb3 d6 8. c3 0-0 9. d4 Bg4 10. d5 Na5 11. Bc2 Qc8 12. h3 Bd7 13. Nbd2 c6 14. dxc6 Qxc6 15. Nf1 Rfc8 16. Ng3 Rab8 17. a3 g6 18. Nh2 Nc4 19. Qf3 Kg7 20. a4 b4 21. a5 Qc5 22. b3 Nxa5 23. c4 Nc6 24. Rxa6 Nd4 25. Qd3 Ra8 26. Rxa8 Rxa8 27. Be3 Bd8 28. Bxd4 exd4 29. Nf3 Bb6 30. Ne2 Ra2 31. Nexd4 Bc8 32. Bb1 Ra1 33. Qd2 Bb7 34. Nb5 Bc6 35. Nxd6 Ra8 36. e5 Nh5 37. Be4 Ra3 38. Bxc6 Qxc6 39. Ng5 Rxb3 40. Ngxf7 Rg3 41. Re4 b3 42. Kh2 Qc5 43. Qh6+ Kg8 44. Rf4 Nxf4 45. Qxf4 Qxf2 46. Nh6+ Kg7 47. Ne8+ Kh8 48. Nf7+ Kg8 49. Nh6+ Kh8 50. Nf7+ Kg8 1/2-1/2

[Event "Nancy Rapid 19th"]
[Site "Nancy"]
[Date "2021.10.24"]
[Round "7"]
[White "Ellis, Antoine"]
[Black "Fedorchuk, Sergey A"]
[Result "0-1"]
[WhiteElo "1956"]
[BlackElo "2606"]
[PlyCount "82"]
[EventDate "2021.10.24"]
[EventType "swiss (rapid)"]
[EventRounds "9"]
[EventCountry "FRA"]
[SourceTitle "CBM 204 Extra"]
[Source "ChessBase"]
[SourceDate "2021.11.30"]
[SourceVersion "1"]
[SourceVersionDate "2021.11.30"]
[SourceQuality "1"]

1. d4 Nf6 2. c4 e6 3. Nc3 Bb4 4. Nf3 b6 5. g3 Bb7 6. Bg2 Bxc3+ 7. bxc3 0-0 8. 0-0 d6 9. d5 e5 10. Nh4 Bc8 11. e4 Na6 12. f4 exf4 13. Bxf4 Ng4 14. h3 Ne5 15. Qh5 g6 16. Qe2 f6 17. Bh6 Rf7 18. Nf3 Qe7 19. Nd4 Bd7 20. Rf2 Nc5 21. Bf1 Re8 22. Rf4 g5 23. Nf5 Qd8 24. Rf2 Ned3 25. Rf3 Rxe4 26. Qd2 Ne5 27. Rf2 Qc8 28. Ne3 Bxh3 29. Bg2 Bxg2 30. Kxg2 Rxe3 31. Qxe3 Ng4 32. Qf3 Nxh6 33. Re1 Ng4 34. Rfe2 Ne5 35. Qh5 Qf5 36. Rf1 Qg6 37. Qh3 Qd3 38. Ref2 Ne4 39. Rf5 Kg7 40. Qh5 Qxg3+ 41. Kh1 Ng4 0-1

[Event "Nancy Rapid 19th"]
[Site "Nancy"]
[Date "2021.10.24"]
[Round "3"]
[White "Ellis, Antoine"]
[Black "Guliyev, Namig"]
[Result "0-1"]
[WhiteElo "1956"]
[BlackElo "2555"]
[PlyCount "80"]
[EventDate "2021.10.24"]
[EventType "swiss (rapid)"]
[EventRounds "9"]
[EventCountry "FRA"]
[SourceTitle "CBM 204 Extra"]
[Source "ChessBase"]
[SourceDate "2021.11.30"]
[SourceVersion "1"]
[SourceVersionDate "2021.11.30"]
[SourceQuality "1"]

1. d4 d5 2. c4 dxc4 3. Nf3 Nf6 4. e3 a6 5. Bxc4 e6 6. 0-0 b5 7. Bb3 Bb7 8. Qe2 Nbd7 9. Rd1 c5 10. Nc3 Qc7 11. a3 Be7 12. Ba2 0-0 13. d5 exd5 14. Nxd5 Nxd5 15. Bxd5 Bxd5 16. Rxd5 Rfe8 17. Qc2 Rad8 18. a4 Qb7 19. Rd1 Nf8 20. Rxd8 Rxd8 21. axb5 axb5 22. e4 Ne6 23. Be3 h6 24. h3 Bf6 25. e5 Be7 26. b4 Rc8 27. Qf5 Rc7 28. bxc5 Bxc5 29. Bxc5 Rxc5 30. Rb1 b4 31. Nd2 Qd5 32. Ne4 Rc4 33. Nd6 Rf4 34. Qh5 b3 35. g3 Rf3 36. Nf5 Qd3 37. Nxh6+ gxh6 38. Rc1 Rxg3+ 39. Kh2 Rg2+ 40. Kh1 Rg6 0-1

[Event "FRA-ch Blitz Online Qual"]
[Site "Europe Echecs INT"]
[Date "2020.05.16"]
[Round "15"]
[White "Ellis, Antoine"]
[Black "Hasseine, Madiane"]
[Result "0-1"]
[WhiteElo "2066"]
[BlackElo "2157"]
[PlyCount "116"]
[EventDate "2020.05.16"]
[EventType "swiss (blitz)"]
[EventRounds "15"]
[EventCountry "FRA"]
[SourceTitle "CBM 196 Extra"]
[Source "ChessBase"]
[SourceDate "2020.07.31"]
[SourceVersion "1"]
[SourceVersionDate "2020.07.31"]
[SourceQuality "1"]

1. d4 d5 2. c4 c6 3. Nf3 Nf6 4. Nbd2 Bf5 5. Nh4 Bg4 6. h3 Bh5 7. g4 Bg6 8. Nxg6 hxg6 9. Bg2 e6 10. e3 Nbd7 11. b3 a5 12. a3 Bd6 13. Bb2 e5 14. g5 Nh5 15. Qg4 e4 16. 0-0 0-0 17. Rae1 Qe7 18. c5 Bc7 19. h4 Kh7 20. Bh3 f5 21. gxf6 Ndxf6 22. Qg5 Bb8 23. Kg2 Qc7 24. Rh1 b6 25. cxb6 Qxb6 26. Rhg1 Qc7 27. Rh1 Qf7 28. Ref1 Bd6 29. Rc1 Ng4 30. Rhf1 Nh2 31. Bg4 Nxf1 32. Rxf1 Be7 33. Qe5 Bf6 34. Qh2 c5 35. Nb1 cxd4 36. Bxd4 Bxd4 37. exd4 Nf4+ 38. Kh1 Nd3 39. Kg1 Qf4 40. Qg2 e3 41. Nc3 exf2+ 42. Kh1 Qxd4 43. Nxd5 Nf4 44. Nxf4 Qxf4 45. h5 gxh5 46. Bh3 g5 47. Qb7+ Kh6 48. Qc6+ Qf6 49. Qd5 Rad8 50. Qb7 Qf3+ 51. Bg2 Qxb7 52. Bxb7 Rb8 53. Bd5 g4 54. Kg2 h4 55. Bc4 g3 56. Rd1 Rbd8 57. Rc1 Rd2 58. Be6 f1Q# 0-1

[Event "FRA-ch Blitz Online Qual"]
[Site "Europe Echecs INT"]
[Date "2020.05.16"]
[Round "13"]
[White "Ellis, Antoine"]
[Black "Riff, Vincent"]
[Result "0-1"]
[WhiteElo "2066"]
[BlackElo "2405"]
[PlyCount "88"]
[EventDate "2020.05.16"]
[EventType "swiss (blitz)"]
[EventRounds "15"]
[EventCountry "FRA"]
[SourceTitle "CBM 196 Extra"]
[Source "ChessBase"]
[SourceDate "2020.07.31"]
[SourceVersion "1"]
[SourceVersionDate "2020.07.31"]
[SourceQuality "1"]

1. d4 Nf6 2. c4 c5 3. d5 e5 4. Nc3 d6 5. e4 Be7 6. Bd3 Nbd7 7. Nge2 h5 8. Bg5 h4 9. h3 Nh5 10. Bxe7 Qxe7 11. Qd2 a6 12. a4 Qf6 13. Rf1 Nf8 14. 0-0-0 Ng6 15. Kb1 Bd7 16. b3 0-0 17. g4 Nhf4 18. Nxf4 exf4 19. e5 Nxe5 20. Bc2 g6 21. Ne4 Qg7 22. Qxf4 f6 23. Nxd6 b5 24. Qd2 bxa4 25. f4 axb3 26. Be4 Nf7 27. Nxf7 Rxf7 28. d6 Re8 29. Bd5 Kh8 30. Bxf7 Qxf7 31. f5 g5 32. Qc3 Re4 33. Rd5 Qe8 34. Qxf6+ Kh7 35. Qg6+ Qxg6 36. fxg6+ Kxg6 37. Rxc5 Rd4 38. Rc7 Rxd6 39. c5 Rd2 40. c6 Be6 41. Re7 Bc4 42. c7 Bd3+ 43. Kc1 Rc2+ 44. Kd1 Bxf1 0-1

[Event "FRA-ch Blitz Online Qual"]
[Site "Europe Echecs INT"]
[Date "2020.05.16"]
[Round "9"]
[White "Ellis, Antoine"]
[Black "Suarez Uriel, Adrian"]
[Result "0-1"]
[WhiteElo "2066"]
[BlackElo "2340"]
[PlyCount "52"]
[EventDate "2020.05.16"]
[EventType "swiss (blitz)"]
[EventRounds "15"]
[EventCountry "FRA"]
[SourceTitle "CBM 196 Extra"]
[Source "ChessBase"]
[SourceDate "2020.07.31"]
[SourceVersion "1"]
[SourceVersionDate "2020.07.31"]
[SourceQuality "1"]

1. d4 Nf6 2. c4 g6 3. Nc3 d5 4. cxd5 Nxd5 5. Bd2 Nb6 6. e3 Bg7 7. f4 0-0 8. Nf3 Na6 9. Be2 c5 10. Bxa6 bxa6 11. dxc5 Nc4 12. Qc2 Rb8 13. Rb1 Qc7 14. Nd5 Qxc5 15. Nxe7+ Qxe7 16. Qxc4 Bf5 17. Rd1 Rfc8 18. Qa4 Bd3 19. Rc1 Rxc1+ 20. Bxc1 Bxb2 21. Bxb2 Qxe3+ 22. Kd1 Qe2+ 23. Kc1 Qxb2+ 24. Kd1 Qe2+ 25. Kc1 Rc8+ 26. Qc6 Rxc6# 0-1

[Event "FRA-ch Blitz Online Qual"]
[Site "Europe Echecs INT"]
[Date "2020.05.16"]
[Round "3"]
[White "Ellis, Antoine"]
[Black "Terrieux, Kevin"]
[Result "0-1"]
[WhiteElo "2066"]
[BlackElo "2448"]
[PlyCount "70"]
[EventDate "2020.05.16"]
[EventType "swiss (blitz)"]
[EventRounds "15"]
[EventCountry "FRA"]
[SourceTitle "CBM 196 Extra"]
[Source "ChessBase"]
[SourceDate "2020.07.31"]
[SourceVersion "1"]
[SourceVersionDate "2020.07.31"]
[SourceQuality "1"]

1. d4 d5 2. c4 dxc4 3. Nf3 Nf6 4. e3 a6 5. Bxc4 b5 6. Bb3 Bb7 7. 0-0 e6 8. Qe2 c5 9. Rd1 Nbd7 10. a3 Qb8 11. Nc3 Bd6 12. h3 0-0 13. Ba2 Qc7 14. Bd2 Rac8 15. Rac1 Qb8 16. Be1 Rfd8 17. d5 exd5 18. Nxd5 Nxd5 19. Bxd5 Bxd5 20. Rxd5 Nf6 21. Rf5 Be7 22. Bc3 Qb6 23. g4 Nd5 24. g5 Nxc3 25. Rxc3 g6 26. Rf4 Qe6 27. Kg2 Rd5 28. h4 Rcd8 29. Rc1 Bd6 30. Rf6 Qg4+ 31. Kh1 Be5 32. Rxf7 Qh3+ 33. Kg1 Kxf7 34. a4 Kg8 35. axb5 axb5 0-1